000 00533nam a22001817a 4500
005 20180419101810.0
010 _aENG-122532
020 _a9789383166145
_c650.00
035 _aEN-106064
037 _bDBAD/PUB.
082 _a306.0954
245 _aSociety and culture in india /
_ced.by Subas Mohapatra
260 _aNew Delhi
_bSocial Science Press
_c2017
270 _a69, Jor Bagh,
_bNew Delhi
_e110003
300 _a447p.
_bill.
_c21cm.(pbk)
700 _dSubas Mohapatra
942 _2ddc
_cEN
_mSOC
_h306.094
999 _c150933
_d150933